[Event "Wch U14"]
[Site "Florianopolis"]
[Date "2024.11.03"]
[Round "6"]
[White "Morrison, Joseph"]
[Black "Nandwani Narwani, Suraj Sriram"]
[Result "1/2-1/2"]
[WhiteElo "1803"]
[BlackElo "1602"]
[PlyCount "66"]
[EventDate "2024.10.29"]
[EventType "swiss"]
[EventRounds "11"]
[EventCountry "BRA"]
[SourceTitle "CB45_2024"]
[Source "ChessBase"]
[SourceDate "2024.11.06"]
[SourceVersion "1"]
[SourceVersionDate "2024.11.06"]
[SourceQuality "1"]

1. c4 e6 2. Nc3 d5 3. cxd5 exd5 4. d4 Nf6 5. Bg5 Be7 6. e3 c6 7. Bd3 0-0 8. Nge2 h6 9. Bh4 Re8 10. f3 Nbd7 11. Qd2 Nf8 12. Bf2 Bd6 13. 0-0 Ne6 14. Rad1 b6 15. h3 Bb7 16. e4 dxe4 17. fxe4 Be7 18. Bc2 Qd7 19. Qc1 Rad8 20. Bb3 Nc7 21. Bh4 Rf8 22. Bg3 Qc8 23. Kh1 Ne6 24. Qb1 Nc7 25. Rc1 Rd7 26. Rfd1 Qd8 27. d5 cxd5 28. Bxc7 Rxc7 29. Nxd5 Rxc1 30. Rxc1 Qd6 31. Rd1 Qe5 32. Ne3 Re8 33. Qd3 Nxe4 1/2-1/2

[Event "Wch U14"]
[Site "Florianopolis"]
[Date "2024.11.01"]
[Round "4"]
[White "Zhong, Ryan Yunhui"]
[Black "Nandwani Narwani, Suraj Sriram"]
[Result "1/2-1/2"]
[WhiteElo "2046"]
[BlackElo "1602"]
[PlyCount "78"]
[EventDate "2024.10.29"]
[EventType "swiss"]
[EventRounds "11"]
[EventCountry "BRA"]
[SourceTitle "CB45_2024"]
[Source "ChessBase"]
[SourceDate "2024.11.06"]
[SourceVersion "1"]
[SourceVersionDate "2024.11.06"]
[SourceQuality "1"]

1. e4 e5 2. Nf3 Nf6 3. Nc3 Bb4 4. d4 Nxe4 5. Qd3 Bxc3+ 6. bxc3 d5 7. Nxe5 0-0 8. Be2 Nd7 9. Nxd7 Bxd7 10. 0-0 c6 11. f3 Nd6 12. Ba3 Bf5 13. Qd2 Re8 14. Rae1 Qf6 15. Qf4 Re6 16. Bd3 Bxd3 17. Qxf6 Rxf6 18. cxd3 Nb5 19. Bb2 Re6 20. Rxe6 fxe6 21. a4 Nd6 22. Re1 Kf7 23. Ba3 Rd8 24. a5 b6 25. Ra1 b5 26. a6 Nc8 27. Bc5 Nb6 28. Bxb6 axb6 29. a7 Ra8 30. Ra6 c5 31. Rxb6 cxd4 32. cxd4 Rxa7 33. Kf2 Ra2+ 34. Kg3 Rd2 35. Rxb5 Rxd3 36. Rb4 Rd2 37. h4 Rc2 38. f4 Kf6 39. Kf3 h5 1/2-1/2